| 000 | 00569nam a2200193 a 4500 | ||
|---|---|---|---|
| 005 | 20251210064040.0 | ||
| 008 | 991125s1958 par 000 0 fre u | ||
| 035 | _aUPN01000034893 | ||
| 049 | _aCG | ||
| 050 | 4 |
_aLB1577 F8 _bV5.3 |
|
| 100 | 1 | _aVillard, Gaston | |
| 245 | 1 | 2 |
_aL'expression orale á l'école primaire / _cGaston Villard ; préface de A. Beslais. |
| 260 |
_aParís : _bBourrelier, _c1958. |
||
| 300 | _a121 p. | ||
| 440 | 0 | _aCarnets de pédagogie practique | |
| 650 | 4 |
_aExpresión oral _91525 |
|
| 650 | 4 |
_aEducación primaria _91552 |
|
| 905 | _aLibro | ||
| 999 |
_c34893 _d34893 |
||